00548nam a2200169Ia 4500008004100000020001500041041001200056100001500068245003900083250000800122260003400130300000800164650001000172942000700182999001700189952017200206221030s9999 xx 000 0 und d a0750680776 aEnglish aF. G. Bell 0aEngineering Geologycby F. G. Bell a2nd bElsevier PubaNew Delhic2012 a581 aCivil cBK c15033d15033 pBE 13438g395.00i3492l0eRKBr2024-06-13 00:00:00w2022-10-30yBK003Print4071aMIETLIBbMIETLIBcBL-Academic Block B, FL-2, CUP-156, SH-5, R-5d2013-09-1110HBE